000 00606nam a2200181 a 4500
008 120416s2001 ||||||||||||||||| || u
020 _a0864865120
050 _aJC 362 Shu
100 _aShutt, Harry
245 1 2 _aA new democracy
246 _aalternatives to bankrupt world order
260 _aCape Town
_bDavid Philip Publishers
_c2001
300 _ax,176p.
350 _a0.00
650 _aDEMOCRACY--WORLD POLITICS
650 _aPOLITICS
995 _D0.00
_FCBU-MAIN LIBRARY (Kitwe)
_H1
_I14.50
_M1
_UAVAILABLE
_ZMain Library Open Access Collection
999 _c52105
_d52105